MARC details
| 000 -LEADER |
| fixed length control field |
01218cam a2200325 i 4500 |
| 001 - CONTROL NUMBER |
| control field |
chosenpeople02elgi |
| 003 - CONTROL NUMBER IDENTIFIER |
| control field |
CaSfIA |
| 005 - DATE AND TIME OF LATEST TRANSACTION |
| control field |
20230525155055.0 |
| 007 - PHYSICAL DESCRIPTION FIXED FIELD--GENERAL INFORMATION |
| fixed length control field |
cr|||| |
| 008 - FIXED-LENGTH DATA ELEMENTS--GENERAL INFORMATION |
| fixed length control field |
791220s1978 ilua j 000 0 eng |
| 010 ## - LIBRARY OF CONGRESS CONTROL NUMBER |
| LC control number |
78060938 |
| 040 ## - CATALOGING SOURCE |
| Original cataloging agency |
DLC |
| Transcribing agency |
DLC |
| Modifying agency |
BTCTA |
| -- |
CaSfIA |
| 020 ## - INTERNATIONAL STANDARD BOOK NUMBER |
| International Standard Book Number |
0891911588 : |
| Terms of availability |
$3.95 |
| 020 ## - INTERNATIONAL STANDARD BOOK NUMBER |
| International Standard Book Number |
9780891911586 |
| 035 ## - SYSTEM CONTROL NUMBER |
| System control number |
(OCoLC)5942631 |
| 042 ## - AUTHENTICATION CODE |
| Authentication code |
lcac |
| 050 00 - LIBRARY OF CONGRESS CALL NUMBER |
| Classification number |
BS551.2 |
| Item number |
.C65 vol. 2 |
| 082 00 - DEWEY DECIMAL CLASSIFICATION NUMBER |
| Classification number |
220.9/505 s |
| -- |
221.9/505 |
| 245 04 - TITLE STATEMENT |
| Title |
The Chosen people. |
| Medium |
[electronic resource] |
| 260 ## - PUBLICATION, DISTRIBUTION, ETC. |
| Place of publication, distribution, etc. |
Elgin, IL : |
| Name of publisher, distributor, etc. |
Chariot Books, |
| Date of publication, distribution, etc. |
c1978. |
| 300 ## - PHYSICAL DESCRIPTION |
| Extent |
253 p. : |
| Other physical details |
col. ill. ; |
| Dimensions |
23 cm. |
| 440 #4 - SERIES STATEMENT/ADDED ENTRY--TITLE |
| Title |
The Comic-strip Bible ; |
| Volume/sequential designation |
v. 2 |
| 520 ## - SUMMARY, ETC. |
| Summary, etc. |
Presents in comic strip form the books of the Old Testament from Samuel, which includes the story of David, through the minor prophets. |
| 630 00 - SUBJECT ADDED ENTRY--UNIFORM TITLE |
| Uniform title |
Bible. |
| Name of part/section of a work |
O.T. |
| Form subdivision |
Comic books, strips, etc. |
| 630 01 - SUBJECT ADDED ENTRY--UNIFORM TITLE |
| Uniform title |
Bible. |
| Name of part/section of a work |
O.T. |
| 650 #1 - SUBJECT ADDED ENTRY--TOPICAL TERM |
| Topical term or geographic name entry element |
Bible stories |
| General subdivision |
O.T. |
| 650 #1 - SUBJECT ADDED ENTRY--TOPICAL TERM |
| Topical term or geographic name entry element |
Cartoons and comics. |
| 856 41 - ELECTRONIC LOCATION AND ACCESS |
| Uniform Resource Identifier |
<a href="http://www.archive.org/details/chosenpeople02elgi">http://www.archive.org/details/chosenpeople02elgi</a> |
| Public note |
Free eBook from the Internet Archive |
| Materials specified |
Volume 2 |
| 856 42 - ELECTRONIC LOCATION AND ACCESS |
| Uniform Resource Identifier |
<a href="http://www.openlibrary.org/books/OL4745278M">http://www.openlibrary.org/books/OL4745278M</a> |
| Public note |
Additional information and access via Open Library |
| Materials specified |
Volume 2 |